00373nam a2200121Ia 4500020001800000082002100018100001600039245003300055260003700088300001300125504003600138650007700174 a1-56549-185-8 a323.091724 UVI-H aUvin, Peter 0aHuman rights and development aBloomfieldbKumarian Pressc2005 axii, 241 aincludes bibliography and index aHuman rights; Economic development; Human rightszDeveloping countries